| 000 | 00569nam a2200193 u 4500 | ||
|---|---|---|---|
| 005 | 20240912063832.0 | ||
| 008 | 090514s2005 ag r 000 0 spa d | ||
| 020 | _a9501110443 | ||
| 035 | _aUPN01000170460 | ||
| 049 | _aI | ||
| 050 | 4 |
_aPZ78 _bD8.8 |
|
| 100 | 1 |
_aDuran, Carlos Joaquín, _d1936- |
|
| 245 | 1 | 0 |
_aVacaciones en el año 2222 / _cCarlos Joaquín Duran ; il. de Marcelo Elizalde. |
| 260 |
_aBuenos Aires : _bSigmar, _cc2005. |
||
| 300 | _a71, [1] p. | ||
| 440 | 0 | _aSueños de papel | |
| 650 | 4 |
_aCuentos infantiles argentinos _97466 |
|
| 905 | _aInfantil | ||
| 999 |
_c142565 _d142565 |
||